000 00288 a2200121 4500
001 63746
082 _a833.6 TWA
090 _c37723
_d37723
100 _aMark Twain
245 _aAdventures of Tom Sawyer
_hEnglish
260 _aOxford
_bOxford university Press
_c1993
300 _a255p.
942 _aNUST-CAE
_k833.6 TWA
999 _c298819
_d298819